000
00238 a2200097 4500
001
48776
100
_a
Meade
245
_a
Tutorial guide in electronic engg 8 : signal systems
260
_a
London
_b
Chapman Hall
_c
090
_c
31677
_d
31677
942
_a
NUST-CAE
_c
M
_c
24088
999
_c
283849
_d
283849